Entry Personal Name
Number of records used in: 3
001 - CONTROL NUMBER
003 - CONTROL NUMBER IDENTIFIER
005 - DATE AND TIME OF LATEST TRANSACTION
- control field:
20191126093208.0
008 - FIXED-LENGTH DATA ELEMENTS
- fixed length control field:
800903n| azannaabn |a aaa
010 ## - LIBRARY OF CONGRESS CONTROL NUMBER
- LC control number:
n 50039485
035 ## - SYSTEM CONTROL NUMBER
- System control number:
(OCoLC)oca00074701
035 ## - SYSTEM CONTROL NUMBER
- System control number:
(Uk)000160561
040 ## - CATALOGING SOURCE
- Original cataloging agency:
DLC
- Language of cataloging:
eng
- Description conventions:
rda
- Transcribing agency:
DLC
- Modifying agency:
DLC
- Modifying agency:
OCoLC
- Modifying agency:
Uk
- Modifying agency:
DLC
046 ## - SPECIAL CODED DATES
- Birth date:
1887
- Death date:
1971
053 #0 - LC CLASSIFICATION NUMBER
- Classification number element--single number or beginning number of span:
PK1859.M8
100 1# - HEADING--PERSONAL NAME
- Personal name:
Munshi, Kanaiyalal Maneklal,
- Dates associated with a name:
1887-1971
370 ## - ASSOCIATED PLACE
- Place of birth:
Bharūch (India : District)
- Source of term:
naf
374 ## - OCCUPATION
- Occupation:
Lawyers
- Occupation:
Authors
- Occupation:
Politicians
- Source of term:
lcsh
375 ## - GENDER
377 ## - ASSOCIATED LANGUAGE
- Language code:
guj
- Language code:
eng
- Language code:
hin
400 1# - SEE FROM TRACING--PERSONAL NAME
- Personal name:
Munshi, K. M.
- Fuller form of name:
(Kanaiyalal Maneklal),
- Dates associated with a name:
1887-1971
400 0# - SEE FROM TRACING--PERSONAL NAME
- Personal name:
Kanialal Maneklal Munshi,
- Dates associated with a name:
1887-1971
400 0# - SEE FROM TRACING--PERSONAL NAME
- Personal name:
Kanaialal Maneklal Munshi,
- Dates associated with a name:
1887-1971
400 0# - SEE FROM TRACING--PERSONAL NAME
- Personal name:
Kanaiya-Lal M. Munshi,
- Dates associated with a name:
1887-1971
400 0# - SEE FROM TRACING--PERSONAL NAME
- Personal name:
Ghanaśyāma,
- Dates associated with a name:
1887-1971
400 1# - SEE FROM TRACING--PERSONAL NAME
- Personal name:
Munaśī, Kanaiyālāla Māṇēkalāla,
- Dates associated with a name:
1887-1971
400 0# - SEE FROM TRACING--PERSONAL NAME
- Personal name:
Kanaiyalal Maneklal Munshi,
- Dates associated with a name:
1887-1971
400 1# - SEE FROM TRACING--PERSONAL NAME
- Personal name:
Munshi, Kanhaiyalal Maneklal,
- Dates associated with a name:
1887-1971
400 1# - SEE FROM TRACING--PERSONAL NAME
- Personal name:
Munśi, Ke. Em.,
- Dates associated with a name:
1887-1971
670 ## - SOURCE DATA FOUND
- Source citation:
His Gujarata and its literature: a survey from the earliest times, 1935.
670 ## - SOURCE DATA FOUND
- Source citation:
Kulkarni, V.B. K.M. Munshi, 1983:
- Information found:
p. 1 (Kanhaiyalal Maneklal Munshi)
670 ## - SOURCE DATA FOUND
- Source citation:
nuc89-24751: His Krishnavatara, 1983-1984
- Information found:
(hdg. on UPB rept.: Munshi, Kanaiyalal Maneklal, 1887-1971; usage: K.M. Munshi)
670 ## - SOURCE DATA FOUND
- Source citation:
Līlāvatāra, 2011:
- Information found:
t.p. (Ke. Em. Munśi) [in Kannada])